[Event "DEM U12 2022"]
[Site "Willingen GER"]
[Date "2022.06.08"]
[Round "6"]
[White "Nemitz, Alfred"]
[Black "Neuhoff, Laertes"]
[Result "1/2-1/2"]
[Termination "normal"]
[Board "5"]
[WhiteElo "1611"]
[BlackElo "1990"]
[WhiteClock "00:44:37"]
[BlackClock "00:18:50"]
[PlyCount "44"]
[WhiteFideId "34601791"]
[BlackFideId "16279719"]
[EventCountry "GER"]
[EventRounds "9"]
[EventType "swiss"]
[EventDate "2022.06.04"]

1. d4 {[%clk 01:30:58]} {[%emt 00:00:01]} d5 {[%clk 01:30:50]} {[%emt
00:00:11]} 2. c4 {[%clk 01:31:15]} {[%emt 00:00:13]} e6 {[%clk 01:31:11]}
{[%emt 00:00:09]} 3. Nc3 {[%clk 01:31:38]} {[%emt 00:00:06]} c6 {[%clk
01:30:51]} {[%emt 00:00:50]} 4. Nf3 {[%clk 01:31:04]} {[%emt 00:01:04]} dxc4
{[%clk 01:29:06]} {[%emt 00:02:15]} 5. a4 {[%clk 01:29:32]} {[%emt 00:02:02]}
Bb4 {[%clk 01:27:09]} {[%emt 00:02:27]} 6. e4 {[%clk 01:29:36]} {[%emt
00:00:26]} b5 {[%clk 01:27:12]} {[%emt 00:00:28]} 7. Bd2 {[%clk 01:29:25]}
{[%emt 00:00:41]} a5 {[%clk 01:26:35]} {[%emt 00:01:08]} 8. axb5 {[%clk
01:26:05]} {[%emt 00:03:50]} Bxc3 {[%clk 01:25:54]} {[%emt 00:01:10]} 9. Bxc3
{[%clk 01:26:21]} {[%emt 00:00:14]} cxb5 {[%clk 01:26:09]} {[%emt 00:00:15]}
10. b3 {[%clk 01:26:43]} {[%emt 00:00:08]} Nf6 {[%clk 01:19:32]} {[%emt
00:07:07]} 11. Nd2 {[%clk 01:24:24]} {[%emt 00:02:49]} Nc6 {[%clk 01:12:34]}
{[%emt 00:07:28]} 12. bxc4 {[%clk 01:20:19]} {[%emt 00:04:35]} b4 {[%clk
01:11:51]} {[%emt 00:01:14]} 13. Bb2 {[%clk 01:20:05]} {[%emt 00:00:44]} Nxd4
{[%clk 01:06:12]} {[%emt 00:06:09]} 14. e5 {[%clk 01:20:18]} {[%emt 00:00:17]}
Ng8 {[%clk 00:43:53]} {[%emt 00:22:48]} 15. Ne4 {[%clk 01:15:33]} {[%emt
00:05:15]} Nf5 {[%clk 00:33:14]} {[%emt 00:11:09]} 16. g4 {[%clk 01:02:51]}
{[%emt 00:13:12]} Bb7 {[%clk 00:26:10]} {[%emt 00:07:34]} 17. Bg2 {[%clk
01:01:58]} {[%emt 00:01:23]} Qxd1+ {[%clk 00:25:43]} {[%emt 00:00:55]} 18. Rxd1
{[%clk 01:02:12]} {[%emt 00:00:16]} Ke7 {[%clk 00:22:52]} {[%emt 00:03:22]} 19.
gxf5 {[%clk 00:57:38]} {[%emt 00:05:04]} exf5 {[%clk 00:23:12]} {[%emt
00:00:09]} 20. Nd6 {[%clk 00:45:22]} {[%emt 00:12:47]} Bxg2 {[%clk 00:23:18]}
{[%emt 00:00:23]} 21. Nxf5+ {[%clk 00:45:45]} {[%emt 00:00:08]} Kf8 {[%clk
00:18:50]} {[%emt 00:04:59]} 22. Rg1 {[%clk 00:44:37]} {[%emt 00:01:37]} Bh3
{[%emt 00:21:20]} 1/2-1/2

[Event "DEM U12 2022"]
[Site "Willingen GER"]
[Date "2022.06.08"]
[Round "6"]
[White "Wylie, Leonard"]
[Black "Dodul, Arthur"]
[Result "0-1"]
[Termination "normal"]
[Board "16"]
[WhiteElo "1733"]
[BlackElo "1443"]
[WhiteClock "01:09:45"]
[BlackClock "01:04:37"]
[PlyCount "118"]
[WhiteFideId "479616"]
[BlackFideId "34609016"]
[EventCountry "GER"]
[EventRounds "9"]
[EventType "swiss"]
[EventDate "2022.06.04"]

1. e4 {[%clk 01:30:57]} {[%emt 00:00:03]} e5 {[%clk 01:30:51]} {[%emt
00:00:10]} 2. d4 {[%clk 01:31:21]} {[%emt 00:00:06]} exd4 {[%clk 01:30:58]}
{[%emt 00:00:23]} 3. Bc4 {[%clk 01:31:41]} {[%emt 00:00:10]} Nf6 {[%clk
01:31:08]} {[%emt 00:00:20]} 4. Nf3 {[%clk 01:32:01]} {[%emt 00:00:10]} Bc5
{[%clk 01:30:34]} {[%emt 00:01:04]} 5. O-O {[%clk 01:31:42]} {[%emt 00:00:49]}
d6 {[%clk 01:30:27]} {[%emt 00:00:37]} 6. e5 {[%clk 01:31:02]} {[%emt
00:01:10]} dxe5 {[%clk 01:30:11]} {[%emt 00:00:45]} 7. Nxe5 {[%clk 01:31:11]}
{[%emt 00:00:20]} O-O {[%clk 01:30:11]} {[%emt 00:00:31]} 8. c3 {[%clk
01:30:58]} {[%emt 00:00:43]} Be6 {[%clk 01:23:34]} {[%emt 00:07:05]} 9. Bxe6
{[%clk 01:28:32]} {[%emt 00:02:59]} fxe6 {[%clk 01:23:55]} {[%emt 00:00:09]}
10. Qb3 {[%clk 01:25:44]} {[%emt 00:03:16]} Qd5 {[%clk 01:22:36]} {[%emt
00:01:48]} 11. Qxd5 {[%clk 01:25:32]} {[%emt 00:00:45]} Nxd5 {[%clk 01:22:51]}
{[%emt 00:00:16]} 12. cxd4 {[%clk 01:23:54]} {[%emt 00:02:08]} Bxd4 {[%clk
01:22:18]} {[%emt 00:01:03]} 13. Nf3 {[%clk 01:23:39]} {[%emt 00:00:41]} Bf6
{[%clk 01:21:26]} {[%emt 00:01:24]} 14. Re1 {[%clk 01:23:17]} {[%emt 00:00:51]}
Re8 {[%clk 01:21:20]} {[%emt 00:00:37]} 15. Ng5 {[%clk 01:22:42]} {[%emt
00:01:06]} Bxg5 {[%clk 01:18:16]} {[%emt 00:03:35]} 16. Bxg5 {[%clk 01:18:46]}
{[%emt 00:04:26]} Nc6 {[%clk 01:17:59]} {[%emt 00:00:46]} 17. Nc3 {[%clk
01:17:09]} {[%emt 00:02:05]} Nxc3 {[%clk 01:16:31]} {[%emt 00:02:01]} 18. bxc3
{[%clk 01:17:33]} {[%emt 00:00:06]} h6 {[%clk 01:16:30]} {[%emt 00:00:30]} 19.
Bf4 {[%clk 01:17:11]} {[%emt 00:00:49]} e5 {[%clk 01:16:03]} {[%emt 00:01:00]}
20. Be3 {[%clk 01:17:22]} {[%emt 00:00:18]} Rad8 {[%clk 01:15:18]} {[%emt
00:01:16]} 21. Rab1 {[%clk 01:17:09]} {[%emt 00:00:43]} b6 {[%clk 01:14:33]}
{[%emt 00:01:14]} 22. c4 {[%clk 01:16:01]} {[%emt 00:01:39]} Nd4 {[%clk
01:11:26]} {[%emt 00:03:34]} 23. a4 {[%clk 01:12:00]} {[%emt 00:04:34]} Nc2
{[%clk 01:10:47]} {[%emt 00:01:06]} 24. Rf1 {[%clk 01:09:42]} {[%emt 00:02:50]}
Nxe3 {[%clk 01:09:43]} {[%emt 00:01:34]} 25. fxe3 {[%clk 01:09:58]} {[%emt
00:00:14]} Rd3 {[%clk 01:09:04]} {[%emt 00:01:09]} 26. a5 {[%clk 01:09:23]}
{[%emt 00:01:06]} Rxe3 {[%clk 01:09:00]} {[%emt 00:00:34]} 27. axb6 {[%clk
01:09:43]} {[%emt 00:00:10]} axb6 {[%clk 01:09:15]} {[%emt 00:00:15]} 28. c5
{[%clk 01:10:01]} {[%emt 00:00:12]} bxc5 {[%clk 01:08:45]} {[%emt 00:01:00]}
29. Rbc1 {[%clk 01:10:19]} {[%emt 00:00:09]} Rd8 {[%clk 01:07:34]} {[%emt
00:01:43]} 30. Kf2 {[%clk 01:07:43]} {[%emt 00:03:08]} Ra3 {[%clk 01:06:54]}
{[%emt 00:01:07]} 31. Rxc5 {[%clk 01:05:44]} {[%emt 00:02:31]} Rd2+ {[%clk
01:07:02]} {[%emt 00:00:20]} 32. Ke1 {[%clk 01:05:46]} {[%emt 00:00:30]} Rxg2
{[%clk 01:07:21]} {[%emt 00:00:10]} 33. Kd1 {[%clk 01:05:19]} {[%emt 00:00:57]}
Rxh2 {[%clk 01:07:25]} {[%emt 00:00:25]} 34. Rxc7 {[%clk 01:05:36]} {[%emt
00:00:15]} Ra1+ {[%clk 01:07:26]} {[%emt 00:00:29]} 35. Rc1 {[%clk 01:05:59]}
{[%emt 00:00:07]} Rxc1+ {[%clk 01:07:52]} {[%emt 00:00:04]} 36. Kxc1 {[%clk
01:06:23]} {[%emt 00:00:06]} g5 {[%clk 01:07:47]} {[%emt 00:00:35]} 37. Re1
{[%clk 01:06:29]} {[%emt 00:00:23]} g4 {[%clk 01:07:44]} {[%emt 00:00:35]} 38.
Re4 {[%clk 01:06:31]} {[%emt 00:00:25]} h5 {[%clk 01:07:56]} {[%emt 00:00:20]}
39. Rxe5 {[%clk 01:06:43]} {[%emt 00:00:18]} Kf7 {[%clk 01:08:04]} {[%emt
00:00:21]} 40. Kd1 {[%clk 01:07:05]} {[%emt 00:00:09]} Kf6 {[%clk 01:08:06]}
{[%emt 00:00:27]} 41. Rd5 {[%clk 01:07:09]} {[%emt 00:00:25]} h4 {[%clk
01:05:12]} {[%emt 00:03:26]} 42. Ke1 {[%clk 01:07:31]} {[%emt 00:00:07]} g3
{[%clk 01:05:33]} {[%emt 00:00:10]} 43. Kf1 {[%clk 01:07:46]} {[%emt 00:00:12]}
h3 {[%clk 01:05:59]} {[%emt 00:00:06]} 44. Kg1 {[%clk 01:07:34]} {[%emt
00:00:39]} Ra2 {[%clk 01:06:09]} {[%emt 00:00:22]} 45. Rd1 {[%clk 01:07:55]}
{[%emt 00:00:10]} Kf5 {[%clk 01:06:09]} {[%emt 00:00:22]} 46. Kh1 {[%clk
01:08:16]} {[%emt 00:00:14]} Kf4 {[%clk 01:04:56]} {[%emt 00:01:43]} 47. Rb1
{[%clk 01:08:24]} {[%emt 00:00:18]} Re2 {[%clk 01:05:08]} {[%emt 00:00:21]} 48.
Ra1 {[%clk 01:08:18]} {[%emt 00:00:38]} Kf3 {[%clk 01:04:14]} {[%emt 00:01:24]}
49. Rb1 {[%clk 01:07:23]} {[%emt 00:01:24]} Ke3 {[%clk 01:02:38]} {[%emt
00:01:58]} 50. Rc1 {[%clk 01:07:20]} {[%emt 00:00:38]} Kd2 {[%clk 01:02:54]}
{[%emt 00:00:16]} 51. Ra1 {[%clk 01:06:32]} {[%emt 00:01:20]} Re1+ {[%clk
01:03:18]} {[%emt 00:00:06]} 52. Rxe1 {[%clk 01:06:49]} {[%emt 00:00:13]} Kxe1
{[%clk 01:03:42]} {[%emt 00:00:06]} 53. Kg1 {[%clk 01:07:19]} Ke2 {[%clk
01:03:08]} {[%emt 00:01:03]} 54. Kh1 {[%clk 01:07:42]} {[%emt 00:00:08]} Kf3
{[%clk 01:03:35]} {[%emt 00:00:03]} 55. Kg1 {[%clk 01:08:06]} {[%emt 00:00:06]}
g2 {[%clk 01:03:52]} {[%emt 00:00:13]} 56. Kh2 {[%clk 01:08:31]} {[%emt
00:00:05]} Kf2 {[%clk 01:04:09]} {[%emt 00:00:11]} 57. Kxh3 {[%clk 01:08:57]}
{[%emt 00:00:07]} g1=Q {[%clk 01:03:55]} {[%emt 00:00:31]} 58. Kh4 {[%clk
01:09:26]} Qg6 {[%clk 01:04:14]} {[%emt 00:00:23]} 59. Kh3 {[%clk 01:09:45]}
{[%emt 00:00:13]} Qh5+ {[%clk 01:04:37]} {[%emt 00:00:06]} 0-1

[Event "DEM U12 2022"]
[Site "Willingen GER"]
[Date "2022.06.08"]
[Round "6"]
[White "Hellenbroich, Hanno"]
[Black "Mohammadzadeh, Daris"]
[Result "1/2-1/2"]
[Termination "normal"]
[Board "23"]
[WhiteElo "1274"]
[BlackElo "1371"]
[WhiteClock "00:03:25"]
[BlackClock "00:00:33"]
[PlyCount "83"]
[WhiteFideId "16270762"]
[BlackFideId "34604359"]
[EventCountry "GER"]
[EventRounds "9"]
[EventType "swiss"]
[EventDate "2022.06.04"]

1. e4 {[%clk 01:30:57]} {[%emt 00:00:02]} c5 {[%clk 01:30:59]} {[%emt
00:00:01]} 2. Nc3 {[%clk 01:31:14]} {[%emt 00:00:13]} Nc6 {[%clk 01:31:26]}
{[%emt 00:00:04]} 3. g3 {[%clk 01:31:27]} {[%emt 00:00:15]} Nf6 {[%clk
01:31:11]} {[%emt 00:00:46]} 4. Bg2 {[%clk 01:31:37]} {[%emt 00:00:19]} d6
{[%clk 01:31:25]} {[%emt 00:00:18]} 5. d3 {[%clk 01:31:53]} {[%emt 00:00:14]}
g6 {[%clk 01:30:11]} {[%emt 00:01:44]} 6. f4 {[%clk 01:30:38]} {[%emt
00:01:44]} Bg7 {[%clk 01:28:32]} {[%emt 00:02:10]} 7. Nf3 {[%clk 01:30:28]}
{[%emt 00:00:40]} Bd7 {[%clk 01:28:12]} {[%emt 00:00:50]} 8. O-O {[%clk
01:29:26]} {[%emt 00:01:29]} O-O {[%clk 01:23:09]} {[%emt 00:05:36]} 9. h3
{[%clk 01:25:58]} {[%emt 00:03:57]} a6 {[%clk 01:13:51]} {[%emt 00:09:50]} 10.
a4 {[%clk 01:25:43]} {[%emt 00:00:44]} Qc7 {[%clk 01:06:53]} {[%emt 00:07:28]}
11. g4 {[%clk 01:17:27]} {[%emt 00:08:45]} Rfc8 {[%clk 01:01:51]} {[%emt
00:05:32]} 12. g5 {[%clk 01:16:59]} {[%emt 00:00:58]} Ne8 {[%clk 01:00:51]}
{[%emt 00:01:30]} 13. Nd5 {[%clk 01:17:20]} {[%emt 00:00:09]} Qd8 {[%clk
01:00:15]} {[%emt 00:01:06]} 14. a5 {[%clk 01:17:43]} {[%emt 00:00:07]} Rab8
{[%clk 00:58:05]} {[%emt 00:02:40]} 15. Nb6 {[%clk 01:16:54]} {[%emt 00:01:19]}
Rc7 {[%clk 00:52:23]} {[%emt 00:06:12]} 16. c3 {[%clk 01:14:46]} {[%emt
00:02:38]} e6 {[%clk 00:50:23]} {[%emt 00:02:31]} 17. Be3 {[%clk 01:09:59]}
{[%emt 00:05:16]} Ne7 {[%emt 00:05:07]} 18. d4 {[%clk 00:56:15]} {[%emt
00:14:13]} Bc6 {[%clk 00:35:55]} {[%emt 00:10:22]} 19. Nh4 {[%clk 00:39:20]}
{[%emt 00:17:25]} cxd4 {[%clk 00:26:33]} {[%emt 00:09:53]} 20. Bxd4 {[%clk
00:28:43]} {[%emt 00:11:07]} Bxd4+ {[%emt 00:04:16]} 21. Qxd4 {[%clk 00:28:49]}
{[%emt 00:00:22]} Nc8 {[%clk 00:22:43]} {[%emt 00:00:36]} 22. Nc4 {[%clk
00:21:58]} {[%emt 00:07:21]} Bb5 {[%clk 00:17:21]} {[%emt 00:05:53]} 23. b3
{[%clk 00:21:43]} {[%emt 00:00:45]} Bxc4 {[%clk 00:17:14]} {[%emt 00:00:37]}
24. bxc4 {[%clk 00:21:54]} {[%emt 00:00:19]} Ne7 {[%clk 00:16:29]} {[%emt
00:01:14]} 25. f5 {[%clk 00:15:18]} {[%emt 00:07:07]} Rbc8 {[%clk 00:12:01]}
{[%emt 00:04:58]} 26. fxe6 {[%clk 00:13:38]} {[%emt 00:02:10]} fxe6 {[%clk
00:11:48]} {[%emt 00:00:43]} 27. Ra2 {[%clk 00:07:37]} {[%emt 00:06:31]} Nc6
{[%clk 00:09:11]} {[%emt 00:03:07]} 28. Rf8+ {[%clk 00:03:59]} {[%emt
00:04:08]} Kxf8 {[%clk 00:09:13]} {[%emt 00:00:28]} 29. Qh8+ {[%clk 00:04:27]}
{[%emt 00:00:02]} Kf7 {[%clk 00:02:08]} {[%emt 00:07:35]} 30. Rf2+ {[%clk
00:04:50]} {[%emt 00:00:07]} Nf6 {[%emt 00:01:20]} 31. Qxh7+ {[%clk 00:04:34]}
{[%emt 00:00:43]} Ke8 {[%clk 00:01:20]} {[%emt 00:00:30]} 32. Qxg6+ {[%clk
00:04:37]} {[%emt 00:00:27]} Kd7 {[%clk 00:00:58]} {[%emt 00:00:52]} 33. gxf6
{[%clk 00:03:51]} {[%emt 00:01:16]} Ne5 {[%clk 00:00:52]} {[%emt 00:00:36]} 34.
Qg7+ {[%clk 00:03:59]} {[%emt 00:00:22]} Kc6 {[%clk 00:01:10]} {[%emt
00:00:12]} 35. f7 {[%clk 00:04:09]} {[%emt 00:00:20]} Nxf7 {[%clk 00:01:25]}
{[%emt 00:00:15]} 36. Rxf7 {[%clk 00:04:25]} {[%emt 00:00:15]} Rxf7 {[%clk
00:01:54]} {[%emt 00:00:01]} 37. Qxf7 {[%clk 00:04:46]} {[%emt 00:00:09]} Qxh4
{[%clk 00:02:20]} {[%emt 00:00:04]} 38. e5+ {[%clk 00:04:53]} {[%emt 00:00:24]}
Kc5 {[%clk 00:01:59]} {[%emt 00:00:51]} 39. Qxe6 {[%clk 00:04:23]} {[%emt
00:00:59]} Qe1+ {[%clk 00:02:00]} {[%emt 00:00:29]} 40. Bf1 {[%clk 00:03:58]}
{[%emt 00:00:54]} Qe3+ {[%clk 00:01:24]} {[%emt 00:01:07]} 41. Kh1 {[%clk
00:03:06]} {[%emt 00:01:21]} Qf3+ {[%clk 00:00:33]} {[%emt 00:01:22]} 42. Bg2
{[%clk 00:03:25]} {[%emt 00:00:11]} 1/2-1/2

[Event "DEM U12 2022"]
[Site "Willingen GER"]
[Date "2022.06.08"]
[Round "6"]
[White "Draude, Theo"]
[Black "Mündörfer, Sebastian"]
[Result "0-1"]
[Termination "normal"]
[Board "26"]
[WhiteElo "1397"]
[BlackElo "1254"]
[WhiteClock "01:14:48"]
[BlackClock "00:53:57"]
[PlyCount "66"]
[WhiteFideId "34623809"]
[BlackFideId "34604367"]
[EventCountry "GER"]
[EventRounds "9"]
[EventType "swiss"]
[EventDate "2022.06.04"]

1. e4 {[%clk 01:30:58]} {[%emt 00:00:01]} c5 {[%clk 01:30:59]} {[%emt
00:00:02]} 2. Nf3 {[%clk 01:31:19]} {[%emt 00:00:08]} g6 {[%clk 01:31:20]}
{[%emt 00:00:09]} 3. d4 {[%clk 01:31:45]} {[%emt 00:00:04]} cxd4 {[%clk
01:31:47]} {[%emt 00:00:04]} 4. Qxd4 {[%clk 01:32:06]} {[%emt 00:00:09]} Nf6
{[%clk 01:32:06]} {[%emt 00:00:11]} 5. Nc3 {[%clk 01:32:23]} {[%emt 00:00:13]}
Nc6 {[%clk 01:32:30]} {[%emt 00:00:06]} 6. Qa4 {[%clk 01:32:49]} {[%emt
00:00:04]} Bg7 {[%clk 01:31:50]} {[%emt 00:01:09]} 7. e5 {[%clk 01:33:14]}
{[%emt 00:00:05]} Ng8 {[%clk 01:31:56]} {[%emt 00:00:25]} 8. Bf4 {[%clk
01:33:33]} {[%emt 00:00:11]} Nh6 {[%clk 01:31:46]} {[%emt 00:00:40]} 9. h3
{[%clk 01:30:14]} {[%emt 00:03:48]} O-O {[%clk 01:31:17]} {[%emt 00:00:59]} 10.
Bd3 {[%clk 01:30:20]} {[%emt 00:00:24]} b6 {[%clk 01:29:28]} {[%emt 00:02:20]}
11. O-O-O {[%clk 01:25:29]} {[%emt 00:05:20]} Bb7 {[%clk 01:28:40]} {[%emt
00:01:18]} 12. Rhe1 {[%clk 01:25:10]} {[%emt 00:00:48]} a6 {[%clk 01:28:51]}
{[%emt 00:00:20]} 13. Bd2 {[%clk 01:25:06]} {[%emt 00:00:31]} e6 {[%clk
01:24:15]} {[%emt 00:05:09]} 14. Bg5 {[%clk 01:24:44]} {[%emt 00:00:52]} Qc7
{[%clk 01:22:48]} {[%emt 00:01:57]} 15. Qf4 {[%clk 01:22:58]} {[%emt 00:02:11]}
Nf5 {[%clk 01:22:48]} {[%emt 00:00:35]} 16. g4 {[%clk 01:23:15]} {[%emt
00:00:13]} Nfe7 {[%clk 01:23:11]} {[%emt 00:00:07]} 17. Bf6 {[%clk 01:23:20]}
{[%emt 00:00:24]} Bxf6 {[%clk 01:19:13]} {[%emt 00:04:29]} 18. Qxf6 {[%clk
01:23:27]} {[%emt 00:00:22]} Nb4 {[%clk 01:15:51]} {[%emt 00:03:53]} 19. Qxe7
{[%clk 01:21:20]} {[%emt 00:02:37]} Bxf3 {[%clk 01:15:33]} {[%emt 00:00:49]}
20. Qxb4 {[%clk 01:19:56]} {[%emt 00:01:53]} Bxd1 {[%clk 01:15:53]} {[%emt
00:00:09]} 21. Nxd1 {[%clk 01:19:24]} {[%emt 00:01:00]} f6 {[%clk 01:07:59]}
{[%emt 00:08:26]} 22. f4 {[%clk 01:15:15]} {[%emt 00:04:37]} fxe5 {[%clk
01:07:56]} {[%emt 00:00:35]} 23. Rxe5 {[%clk 01:15:27]} {[%emt 00:00:15]} Rf7
{[%clk 01:04:13]} {[%emt 00:04:16]} 24. f5 {[%clk 01:15:03]} {[%emt 00:00:49]}
Qxe5 {[%clk 01:04:35]} {[%emt 00:00:13]} 25. fxg6 {[%clk 01:15:18]} {[%emt
00:00:14]} hxg6 {[%clk 01:04:39]} {[%emt 00:00:27]} 26. Qxb6 {[%clk 01:15:22]}
{[%emt 00:00:26]} Rb8 {[%clk 00:53:54]} {[%emt 00:11:15]} 27. Qxa6 {[%clk
01:14:52]} {[%emt 00:00:47]} Qf4+ {[%clk 00:53:49]} {[%emt 00:00:49]} 28. Kb1
{[%clk 01:14:59]} {[%emt 00:00:22]} Qd2 {[%clk 00:53:57]} {[%emt 00:00:22]} 29.
Be2 {[%clk 01:14:14]} {[%emt 00:01:15]} Rf1 {[%clk 00:52:35]} {[%emt 00:01:53]}
30. a4 {[%clk 01:14:28]} {[%emt 00:00:15]} Rxd1+ {[%clk 00:53:01]} {[%emt
00:00:04]} 31. Bxd1 {[%clk 01:14:49]} {[%emt 00:00:09]} Qxd1+ {[%clk 00:53:27]}
{[%emt 00:00:04]} 32. Ka2 {[%clk 01:15:08]} {[%emt 00:00:11]} Qxc2 {[%clk
00:53:32]} {[%emt 00:00:25]} 33. Qb5 {[%clk 01:14:48]} {[%emt 00:00:49]} Rxb5
{[%clk 00:53:57]} {[%emt 00:00:06]} 0-1

[Event "DEM U12 2022"]
[Site "Willingen GER"]
[Date "2022.06.08"]
[Round "6"]
[White "Pham, Jacky"]
[Black "Halich, Jan Finnian"]
[Result "1-0"]
[Termination "normal"]
[Board "28"]
[WhiteElo "1189"]
[BlackElo "877"]
[PlyCount "45"]
[WhiteFideId "34611606"]
[BlackFideId "34623710"]
[EventCountry "GER"]
[EventRounds "9"]
[EventType "swiss"]
[EventDate "2022.06.04"]

1. e4 e5 2. Nf3 Nc6 3. Bc4 Nf6 4. d3 Bc5 5. c3 O-O 6. Bg5 h6 7. Bh4 Na5 8. Bd5
c6 9. Bb3 Nxb3 10. Qxb3 d6 11. d4 exd4 12. cxd4 Bb6 13. e5 g5 14. Nxg5 Nd7 15.
Nf3 Qe8 16. O-O dxe5 17. Re1 Bc7 18. dxe5 Nc5 19. Qe3 Ne6 20. Qxh6 Bd8 21. Bf6
Bxf6 22. exf6 Qd8 23. Ng5 1-0

[Event "DEM U12 2022"]
[Site "Willingen GER"]
[Date "2022.06.08"]
[Round "6"]
[White "Steven, Matthias"]
[Black "Schönherr, Stijn"]
[Result "1-0"]
[Termination "normal"]
[Board "29"]
[WhiteElo "1376"]
[BlackElo "1254"]
[PlyCount "151"]
[WhiteFideId "16295528"]
[BlackFideId "34611622"]
[EventCountry "GER"]
[EventRounds "9"]
[EventType "swiss"]
[EventDate "2022.06.04"]

1. e4 e6 2. d4 d5 3. exd5 exd5 4. Bd3 Bd6 5. Nc3 c6 6. Nge2 Nf6 7. Bg5 h6 8.
Bh4 Be6 9. Qd2 Nbd7 10. O-O-O b5 11. f3 a5 12. g4 a4 13. Bg3 Be7 14. Rde1 b4
15. Nd1 b3 16. a3 bxc2 17. Bxc2 c5 18. h4 Qc8 19. g5 Nh5 20. Bf2 cxd4 21. Nxd4
Nc5 22. Nc3 Rb8 23. Ndb5 Nb3+ 24. Bxb3 axb3 25. g6 Rxb5 26. gxf7+ Kxf7 27. Kb1
Rb7 28. Rhg1 Bf6 29. Bd4 Bf5+ 30. Ka1 Bxh4 31. Re2 Bg5 32. Be3 Bxe3 33. Rxe3
Re8 34. Qxd5+ Kf8 35. Qd6+ Rbe7 36. Rxe7 Rxe7 37. Nd5 Qd7 38. Qxe7+ Qxe7 39.
Nxe7 Kxe7 40. a4 Bc2 41. Rg4 Kd6 42. Rc4 g5 43. a5 Kd5 44. Rc3 Nf4 45. a6 Ne2
46. a7 Nxc3 47. a8=Q+ Kc4 48. Qc6+ Kd3 49. Qxc3+ Ke2 50. Qf6 Ke3 51. Qxh6 Kxf3
52. Qxg5 Ke2 53. Qf4 Kd1 54. Qe3 Bh7 55. Qxb3+ Kd2 56. Qc3+ Ke2 57. b4 Be4 58.
Qe5 Kd3 59. b5 Ke3 60. b6 Kd3 61. Qxe4+ Kxe4 62. b7 Kd5 63. b8=Q Kc6 64. Ka2
Kd5 65. Qc7 Kd4 66. Qc6 Ke5 67. Qd7 Kf6 68. Qe8 Kf5 69. Qe7 Kf4 70. Qe6 Kf3 71.
Qe5 Kf2 72. Qe4 Kg3 73. Qf5 Kh4 74. Qg6 Kh3 75. Qg5 Kh2 76. Qg4 1-0

[Event "DEM U12 2022"]
[Site "Willingen GER"]
[Date "2022.06.08"]
[Round "6"]
[White "Rempe, Lennik"]
[Black "Böhler, Yannic"]
[Result "0-1"]
[Termination "normal"]
[Board "30"]
[WhiteElo "1073"]
[BlackElo "1361"]
[PlyCount "64"]
[WhiteFideId "16248031"]
[BlackFideId "34609059"]
[EventCountry "GER"]
[EventRounds "9"]
[EventType "swiss"]
[EventDate "2022.06.04"]

1. e4 c5 2. Nf3 e6 3. Nc3 a6 4. a4 Nc6 5. d4 cxd4 6. Nxd4 Nf6 7. Be2 b6 8. Bf3
e5 9. Nf5 Qc7 10. Nd5 Nxd5 11. exd5 d6 12. dxc6 Bxf5 13. O-O Be7 14. Re1 O-O
15. b3 Be6 16. Bb2 Kh8 17. Bd5 Bxd5 18. Qxd5 Rac8 19. Rac1 Qxc6 20. Qd3 f5 21.
Qg3 Rf6 22. f3 Rg6 23. Qf2 d5 24. Rxe5 Bf6 25. Re2 Bxb2 26. Rce1 Ba3 27. Kh1
Bb4 28. c3 Bxc3 29. Qxb6 Bxe1 30. Qxc6 Rgxc6 31. Rxe1 Rc1 32. Rxc1 Rxc1# 0-1